| 000 | 00631cam a2200253ua 4500 | ||
|---|---|---|---|
| 020 |
_a0-07-096530-7 _c87.00 |
||
| 041 |
_aeng _h |
||
| 082 |
_a621.4021 _bNAG/EN |
||
| 100 | _aNag, P K. | ||
| 245 |
_aEngineering Thermodynamics / _cP K Nag. _hTextual Documents |
||
| 250 |
_a1 / _b. |
||
| 260 |
_aNew Delhi : _bTata Mc-Graw Hill Publishing Company , _c1993. |
||
| 300 |
_a559 : _b506 ; . |
||
| 365 | _a87.00 | ||
| 500 | _a*CSS | ||
| 504 | _a | ||
| 942 | _cBK | ||
| 999 |
_c10546 _d10546 |
||